书目信息 |
| 题名: |
中国文化地理概述
|
|
| 作者: | 胡兆量 , 阿尔斯朗 , 琼达 编著 | |
| 分册: | ||
| 出版信息: | 北京 北京大学出版社 2001.9 |
|
| 页数: | 308页 | |
| 开本: | 21cm | |
| 丛书名: | ||
| 单 册: | ||
| 中图分类: | G07 | |
| 科图分类: | ||
| 主题词: | 文化地理学--中国 , 文化地理学 | |
| 电子资源: | ||
| ISBN: | 7-301-04954-4 | |
| 000 | 00764nam0 2200265 45 | |
| 001 | 012000002274 | |
| 005 | 20031219104101.4 | |
| 010 | @a7-301-04954-4@dCNY18.00 | |
| 100 | @a20010827d2001 em y0chiy0120 ea | |
| 101 | 0 | @achi |
| 102 | @aCN@b110000 | |
| 105 | @aab a 000yy | |
| 106 | @ar | |
| 200 | 1 | @a中国文化地理概述@Azhong guo wen hua di li gai shu@f胡兆量, 阿尔斯朗, 琼达等编著 |
| 210 | @a北京@c北京大学出版社@d2001.9 | |
| 215 | @a308页@c图, 地图@d21cm | |
| 320 | @a有书目 (第300-305页) | |
| 606 | 0 | @a文化地理学@y中国 |
| 606 | 0 | @a文化地理学 |
| 690 | @aG07 | |
| 701 | 0 | @a胡兆量@Ahu zhao liang@4编著 |
| 701 | 0 | @a阿尔斯朗@Aa er si lang@4编著 |
| 701 | 0 | @a琼达@Aqiong da@4编著 |
| 801 | @aCN@bTSTC@c20021126 | |
| 905 | @b318044-045@dG07@e26@f2 | |
| 中国文化地理概述/胡兆量, 阿尔斯朗, 琼达等编著.-北京:北京大学出版社,2001.9 |
| 308页:图, 地图;21cm |
| ISBN 7-301-04954-4:CNY18.00 |
| ● |
| 相关链接 |
|
|
|
|
正题名:中国文化地理概述
索取号:G07/26
 
预约/预借
| 序号 | 登录号 | 条形码 | 馆藏地/架位号 | 状态 | 备注 |
| 1 | 0318044 | 203180440 | 第四借阅区/ [索取号:G07/26] | 在馆 | |
| 2 | 0318045 | 203180459 | 第一样本阅览室/ [索取号:G07/26] | 在馆 |